ARRUPE JESUIT UNIVERSITY

CORONAVIRUS -STOP THE SPREAD - CLEAN,DISINFECT,COVER
Normal view MARC view

Entry Personal Name

Number of records used in: 1

001 - CONTROL NUMBER

  • control field: 52051

003 - CONTROL NUMBER IDENTIFIER

  • control field: ARRUPE

005 - DATE AND TIME OF LATEST TRANSACTION

  • control field: 20221129092943.0

008 - FIXED-LENGTH DATA ELEMENTS

  • fixed length control field: 221129|| aca||aabn | a|a d

040 ## - CATALOGING SOURCE

  • Original cataloging agency: ARRUPE
  • Transcribing agency: ARRUPE

100 ## - HEADING--PERSONAL NAME

  • Personal name: Fanon, Frantz,
  • Dates associated with a name: 1925-1961
  • General subdivision: Philosophy

670 ## - SOURCE DATA FOUND

  • Source citation: Work cat.: (ARRUPE)131589: Gordon, Lewis R. (Lewis Ricardo), 1962- author. 6535, What Fanon said :

 

Arrupe Library. PO Box MP320 Mt Pleasant, Harare, Zimbabwe
263 242 745411|librarian@aju.ac.zw